[Event "Schleswig Holstein-ch Seniors op 9th"]
[Site "Buesum"]
[Date "2015.10.02"]
[Round "5"]
[White "Schuller, Erhard"]
[Black "Perk, Egbert"]
[Result "0-1"]
[WhiteElo "1733"]
[BlackElo "1916"]
[PlyCount "72"]
[EventDate "2015.09.28"]
[EventType "swiss"]
[EventRounds "9"]
[EventCountry "GER"]
[SourceTitle "EXT 2018"]
[Source "ChessBase"]
[SourceDate "2017.10.13"]
[SourceVersion "1"]
[SourceVersionDate "2017.10.13"]
[SourceQuality "1"]

1. e4 d6 2. d4 Nf6 3. Nc3 c6 4. Be2 Qc7 5. Nf3 e5 6. 0-0 Be7 7. h3 0-0 8. Bg5 b5 9. Bxf6 Bxf6 10. d5 b4 11. Na4 cxd5 12. exd5 Bd7 13. c4 a5 14. Nd2 Be7 15. Bd3 f5 16. Bc2 Na6 17. Re1 Rf7 18. b3 Raf8 19. Nb2 e4 20. Nf1 Bf6 21. Rb1 Nc5 22. Ng3 g6 23. f3 Be5 24. Nf1 Bc3 25. fxe4 fxe4 26. Nd2 Qb6 27. Kh2 Rf2 28. Re2 e3 29. Ne4 Nxe4 30. Bxe4 Rxe2 31. Qxe2 Rf2 32. Na4 Bxa4 33. Qg4 Be5+ 34. Kh1 Be8 35. Bf3 Bf7 36. a4 Qd4 0-1

[Event "Schleswig Holstein-ch Seniors op 9th"]
[Site "Buesum"]
[Date "2015.09.29"]
[Round "2"]
[White "Wulf, Adalbert"]
[Black "Schuller, Erhard"]
[Result "1-0"]
[WhiteElo "1914"]
[BlackElo "1733"]
[PlyCount "61"]
[EventDate "2015.09.28"]
[EventType "swiss"]
[EventRounds "9"]
[EventCountry "GER"]
[SourceTitle "EXT 2018"]
[Source "ChessBase"]
[SourceDate "2017.10.13"]
[SourceVersion "1"]
[SourceVersionDate "2017.10.13"]
[SourceQuality "1"]

1. d4 Nf6 2. Nc3 e6 3. e4 d6 4. Nf3 h6 5. Bd3 b6 6. Qe2 Bb7 7. 0-0 Nbd7 8. Bf4 g5 9. Bg3 Nh5 10. Nd1 Nxg3 11. fxg3 Qe7 12. c3 0-0-0 13. b4 Bg7 14. a4 c5 15. dxc5 dxc5 16. Rc1 Nb8 17. b5 Qd7 18. Nb2 g4 19. Nd2 Bxc3 20. Ndc4 Bxb2 21. Nxb2 h5 22. Rc4 Qe7 23. e5 Rhf8 24. Rcf4 Bd5 25. Bc4 Nd7 26. Rd1 f6 27. exf6 Nxf6 28. Bxd5 Rxd5 29. Rxd5 Nd7 30. Rxf8+ Nxf8 31. Rd1 1-0

[Event "Arber op 1st"]
[Site "Bayerisch Eisenstein"]
[Date "2012.08.20"]
[Round "3"]
[White "Schuller, Erhard"]
[Black "Giesel, Mario"]
[Result "1/2-1/2"]
[WhiteElo "1543"]
[BlackElo "1811"]
[PlyCount "72"]
[EventDate "2012.08.18"]
[EventType "swiss"]
[EventRounds "9"]
[EventCountry "GER"]
[SourceTitle "CBM 150 Extra"]
[Source "ChessBase"]
[SourceDate "2012.10.19"]
[SourceVersion "1"]
[SourceVersionDate "2012.10.19"]
[SourceQuality "1"]

1. Nf3 d6 2. d4 Nf6 3. g3 Bg4 4. Bg2 c6 5. 0-0 Nbd7 6. a4 e5 7. dxe5 dxe5 8. Ng5 Be7 9. Nc3 0-0 10. Nge4 Qc7 11. f4 Rad8 12. Qe1 Nxe4 13. Nxe4 Nc5 14. Nf2 Bc8 15. b3 Ne6 16. Nd3 exf4 17. gxf4 Bf6 18. Rb1 Rfe8 19. e4 Qe7 20. Be3 Nd4 21. Rc1 Nxc2 22. Rxc2 Rxd3 23. b4 Bd4 24. Bxd4 Rxd4 25. Rb2 Bf5 26. Qc3 Rxe4 27. Bxe4 Qxe4 28. Rff2 Rd8 29. Rbd2 Qe1+ 30. Kg2 Be4+ 31. Kg3 Qg1+ 32. Kh4 Bd5 33. Qg3 Qa1 34. a5 Rd6 35. f5 Rh6+ 36. Kg4 g5 1/2-1/2

[Event "Merano Gold Cup 40th"]
[Site "Merano"]
[Date "2012.04.??"]
[Round "6"]
[White "Thonig, Manfred"]
[Black "Schuller, Erhard"]
[Result "1-0"]
[WhiteElo "1679"]
[BlackElo "1730"]
[PlyCount "51"]
[EventDate "2012.04.13"]
[EventType "swiss"]
[EventRounds "9"]
[EventCountry "ITA"]
[SourceTitle "EXT 2015"]
[Source "ChessBase"]
[SourceDate "2014.11.20"]
[SourceVersion "1"]
[SourceVersionDate "2014.11.20"]
[SourceQuality "1"]

1. f4 d5 2. Nf3 c5 3. e3 Nc6 4. Bb5 Bd7 5. a4 a6 6. Bxc6 Bxc6 7. Ne5 Qc7 8. 0-0 g6 9. d4 cxd4 10. exd4 Bg7 11. Nd2 Nf6 12. Ndf3 0-0 13. c3 Nd7 14. Ng5 Nxe5 15. fxe5 Qd7 16. Qe2 e6 17. b3 Rac8 18. Ba3 f6 19. Bxf8 Rxf8 20. exf6 Rxf6 21. Rxf6 Bxf6 22. Qxe6+ Qxe6 23. Nxe6 Kf7 24. Nf4 b6 25. Nd3 Bd7 26. Nb4 1-0

[Event "Wch Seniors 18th"]
[Site "Bad Zwischenahn"]
[Date "2008.11.02"]
[Round "6"]
[White "Schuller, Erhard"]
[Black "Stock, Hugo"]
[Result "1/2-1/2"]
[WhiteElo "1781"]
[BlackElo "1646"]
[PlyCount "53"]
[EventDate "2008.10.28"]
[EventType "swiss"]
[EventRounds "11"]
[EventCountry "GER"]
[SourceTitle "EXT 2009"]
[Source "ChessBase"]
[SourceDate "2008.11.26"]
[SourceVersion "1"]
[SourceVersionDate "2008.11.26"]
[SourceQuality "1"]

1. e4 c5 2. Nf3 d6 3. d4 cxd4 4. Nxd4 Nf6 5. Nc3 g6 6. Be2 Bg7 7. Be3 0-0 8. Qd2 Nc6 9. f3 Bd7 10. 0-0 Rc8 11. Nxc6 Bxc6 12. Bh6 a6 13. Bxg7 Kxg7 14. Kh1 b5 15. a3 Qb6 16. Nd1 Bb7 17. c3 h5 18. Qe3 Qc5 19. Qxc5 dxc5 20. Ne3 c4 21. Rfd1 Rfd8 22. Kg1 Kf8 23. Rxd8+ Rxd8 24. Rd1 Rxd1+ 25. Bxd1 Nd7 26. Bc2 Nc5 27. Kf2 1/2-1/2

[Event "EU-ch Seniors 07th"]
[Site "Hockenheim"]
[Date "2007.06.07"]
[Round "6"]
[White "Luebbers, Doris"]
[Black "Schuller, Erhard"]
[Result "1/2-1/2"]
[WhiteElo "1668"]
[BlackElo "1791"]
[PlyCount "59"]
[EventDate "2007.06.02"]
[EventType "swiss"]
[EventRounds "9"]
[EventCountry "GER"]
[SourceTitle "CBM 118 Extra"]
[Source "ChessBase"]
[SourceDate "2007.07.04"]
[SourceVersion "1"]
[SourceVersionDate "2007.07.04"]
[SourceQuality "1"]

1. d4 Nf6 2. Bf4 e6 3. e3 g6 4. h3 Bg7 5. Nd2 d5 6. Ngf3 0-0 7. c3 b6 8. Bd3 Re8 9. Ne5 Bb7 10. 0-0 Nfd7 11. Nxd7 Nxd7 12. Re1 a6 13. a4 c5 14. b3 Qf6 15. Rc1 e5 16. dxe5 Nxe5 17. Bxe5 Qxe5 18. Nf3 Qc7 19. Bf1 Rad8 20. g3 Qd7 21. Bg2 b5 22. axb5 Qxb5 23. Qc2 Qb6 24. Qb1 d4 25. cxd4 cxd4 26. exd4 Rxe1+ 27. Rxe1 Bxf3 28. Bxf3 Bxd4 29. Re2 Qc7 30. Kg2 1/2-1/2

[Event "EU-ch Seniors 07th"]
[Site "Hockenheim"]
[Date "2007.06.04"]
[Round "3"]
[White "Schwertel, Johann"]
[Black "Schuller, Erhard"]
[Result "1-0"]
[WhiteElo "1993"]
[BlackElo "1791"]
[PlyCount "66"]
[EventDate "2007.06.02"]
[EventType "swiss"]
[EventRounds "9"]
[EventCountry "GER"]
[SourceTitle "CBM 118 Extra"]
[Source "ChessBase"]
[SourceDate "2007.07.04"]
[SourceVersion "1"]
[SourceVersionDate "2007.07.04"]
[SourceQuality "1"]

1. d4 Nf6 2. Nf3 e6 3. Bg5 Be7 4. e3 b6 5. Be2 Bb7 6. Nbd2 d5 7. 0-0 c5 8. Bb5+ Bc6 9. Be2 0-0 10. c3 Nbd7 11. Re1 Re8 12. Nf1 h6 13. Bh4 Qc7 14. Rc1 c4 15. Bg3 Qd8 16. N3d2 b5 17. Bf3 Ne4 18. Nxe4 dxe4 19. Be2 Nf6 20. Qc2 Nh7 21. Nd2 f5 22. b3 cxb3 23. axb3 Bd6 24. c4 bxc4 25. bxc4 Bxg3 26. hxg3 Nf6 27. Ra1 a5 28. Nb3 h5 29. Nc5 a4 30. Rab1 a3 31. Rb3 Nd7 32. Nxd7 Qxd7 33. Qc3 Qe7 1-0

[Event "Wildbad Seniors op 7th"]
[Site "Bad Wildbad"]
[Date "2005.10.28"]
[Round "8"]
[White "Schuller, Erhard"]
[Black "Borger, Martin"]
[Result "0-1"]
[WhiteElo "1663"]
[BlackElo "1711"]
[PlyCount "86"]
[EventDate "2005.10.21"]
[EventType "swiss"]
[EventRounds "9"]
[EventCountry "GER"]
[SourceTitle "EXT 2007"]
[Source "ChessBase"]
[SourceDate "2006.11.23"]
[SourceVersion "1"]
[SourceVersionDate "2006.11.23"]
[SourceQuality "1"]

1. Nf3 g6 2. d4 d5 3. g3 Bg7 4. Bg2 Bg4 5. h3 Bxf3 6. exf3 Nc6 7. c3 Nf6 8. f4 e6 9. 0-0 0-0 10. a4 Ne7 11. b4 Nf5 12. Ba3 Re8 13. Nd2 c6 14. Qc2 Nd6 15. Rfe1 Rc8 16. Rac1 b5 17. a5 Nh5 18. Bf3 Nf6 19. Kg2 h5 20. Bb2 Nh7 21. Qd1 h4 22. Qc2 hxg3 23. fxg3 Nf5 24. Nf1 g5 25. Rcd1 gxf4 26. gxf4 Nh4+ 27. Kf2 Nxf3 28. Kxf3 Qh4 29. Ng3 f5 30. Qg2 Nf6 31. Rg1 Rc7 32. Ke2 Kh8 33. Qf3 Bh6 34. Bc1 Rh7 35. Rh1 Rg8 36. Rdg1 Rhg7 37. Nxf5 exf5 38. Rxg7 Rxg7 39. Be3 Ne4 40. Bf2 Nxf2 41. Qxf2 Re7+ 42. Kf1 Qxf2+ 43. Kxf2 Bxf4 0-1

[Event "Seefeld Seniors op 1st"]
[Site "Seefeld"]
[Date "2005.09.21"]
[Round "3.9"]
[White "Schuller, Erhard"]
[Black "Engler, Gunter"]
[Result "0-1"]
[WhiteElo "1634"]
[BlackElo "1766"]
[PlyCount "92"]
[EventDate "2005.09.19"]
[EventType "swiss"]
[EventRounds "7"]
[EventCountry "AUT"]
[SourceTitle "EXT 2007"]
[Source "ChessBase"]
[SourceDate "2006.11.23"]
[SourceVersion "1"]
[SourceVersionDate "2006.11.23"]
[SourceQuality "1"]

1. e4 e6 2. d4 d5 3. Nd2 dxe4 4. Nxe4 Nd7 5. Nf3 Ngf6 6. Bg5 Be7 7. Nxf6+ Bxf6 8. Bxf6 Nxf6 9. Bd3 b6 10. 0-0 Bb7 11. c3 0-0 12. Re1 Bxf3 13. Qxf3 Qd6 14. Rad1 c5 15. Bb1 Rac8 16. Qh3 Rfd8 17. g4 Qf4 18. f3 cxd4 19. cxd4 Rxd4 20. Kh1 Rxd1 21. Rxd1 Rc1 22. Qf1 Rxd1 23. Qxd1 g6 24. b3 h5 25. gxh5 Nxh5 26. Be4 Qe5 27. Qc2 Nf4 28. Qd1 Kg7 29. a4 Qb2 30. Bc2 Nd5 31. Qb1 Qxb1+ 32. Bxb1 g5 33. Kg1 Kf6 34. Kf2 Ke5 35. Bd3 a5 36. Bc4 Kd4 37. Kg3 f5 38. h3 e5 39. Bb5 Ne3 40. Bd7 f4+ 41. Kf2 Nc2 42. Be6 Kc3 43. Bc4 Nd4 44. Bf7 Nxb3 45. Be8 Nc5 46. Ke2 Kb4 0-1

[Event "Bad Woerishofen Seniors op 21st"]
[Site "Bad Woerishofen"]
[Date "2005.03.11"]
[Round "9"]
[White "Schuller, Erhard"]
[Black "Bierbach, Utz Friedrich"]
[Result "1/2-1/2"]
[WhiteElo "1639"]
[BlackElo "1745"]
[PlyCount "61"]
[EventDate "2005.03.03"]
[EventType "swiss"]
[EventRounds "9"]
[EventCountry "GER"]
[SourceTitle "EXT 2006"]
[Source "ChessBase"]
[SourceDate "2005.11.24"]
[SourceVersion "1"]
[SourceVersionDate "2005.11.24"]
[SourceQuality "1"]

1. e4 c5 2. Nf3 e6 3. d4 cxd4 4. Nxd4 Nf6 5. Bd3 d6 6. Nc3 a6 7. Bg5 Be7 8. Qd2 h6 9. Be3 Ng4 10. h3 Nxe3 11. Qxe3 Qb6 12. Nb3 Qxe3+ 13. fxe3 Bh4+ 14. Kd2 Nc6 15. a3 Bd7 16. Ne2 Bf6 17. Ned4 b5 18. c3 Ne5 19. Na5 Rc8 20. Nb7 Be7 21. Na5 0-0 22. Rac1 Nc4+ 23. Nxc4 bxc4 24. Bc2 g6 25. Rhf1 e5 26. Nf3 Rb8 27. Rb1 Be6 28. Ke2 Rb6 29. Kd2 Rfb8 30. Kc1 Kg7 31. Re1 1/2-1/2

[Event "Wch Seniors 14th"]
[Site "Halle"]
[Date "2004.11.03"]
[Round "9"]
[White "Schuller, Erhard"]
[Black "Bakalarczyk, Wlodzimierz"]
[Result "0-1"]
[WhiteElo "1645"]
[BlackElo "1984"]
[PlyCount "80"]
[EventDate "2004.10.24"]
[EventType "swiss"]
[EventRounds "11"]
[EventCountry "GER"]
[SourceTitle "EXT 2005"]
[Source "ChessBase"]
[SourceDate "2004.11.15"]
[SourceVersion "1"]
[SourceVersionDate "2004.11.15"]
[SourceQuality "1"]

1. e4 c5 2. Nf3 e6 3. d4 cxd4 4. Nxd4 a6 5. Bd3 g6 6. c3 Bg7 7. Be3 Ne7 8. Qd2 0-0 9. 0-0 Nbc6 10. Na3 Ne5 11. Be2 b5 12. Nac2 Bb7 13. f3 Rc8 14. Bh6 Nc4 15. Bxc4 Bxh6 16. Qxh6 Rxc4 17. Ne3 Rc5 18. g4 Qb6 19. Rf2 b4 20. Nb3 Rc7 21. c4 d5 22. c5 Qa7 23. exd5 Nxd5 24. Nc4 Bc6 25. Nca5 Ba4 26. Kg2 Qb8 27. Rc1 Qd8 28. Qd2 Qf6 29. f4 Qh4 30. h3 Qd8 31. Qe1 Re8 32. Kg3 Qb8 33. Qd2 Rd8 34. Nd4 Rcc8 35. c6 e5 36. fxe5 Qxe5+ 37. Kg2 Ne3+ 38. Kf3 Rxd4 39. Qxe3 Qd5+ 40. Ke2 Re4 0-1

[Event "NRW-ch op Seniors 14th"]
[Site "Beverungen"]
[Date "2003.06.21"]
[Round "8.16"]
[White "Schuller, Erhard"]
[Black "Bungter, Hans"]
[Result "1-0"]
[WhiteElo "1596"]
[BlackElo "1670"]
[PlyCount "101"]
[EventDate "2003.06.14"]
[EventType "swiss"]
[EventRounds "9"]
[EventCountry "GER"]
[SourceTitle "EXT 2004"]
[Source "ChessBase"]
[SourceDate "2003.11.25"]
[SourceVersion "1"]
[SourceVersionDate "2003.11.25"]
[SourceQuality "1"]

1. e4 c5 2. Nf3 d6 3. d4 cxd4 4. Nxd4 Nf6 5. Nc3 a6 6. Be3 Qc7 7. Be2 e6 8. f3 b5 9. a3 Bb7 10. 0-0 Nbd7 11. Bf2 Be7 12. Bg3 0-0 13. Ndxb5 axb5 14. Nxb5 Qb6+ 15. Bf2 Qc6 16. Na7 Qc7 17. Nb5 Qb8 18. Bg3 e5 19. b4 Rd8 20. c4 Nh5 21. Bf2 Nf4 22. Re1 Nxe2+ 23. Qxe2 Bc6 24. Nc3 Ba4 25. Nd5 Bf8 26. Rec1 Rc8 27. Rc3 Qb7 28. Rac1 Rab8 29. Qd2 Re8 30. Kh1 h6 31. Rd3 Rbc8 32. Rdc3 Rb8 33. g3 Qc8 34. Kg2 Qd8 35. b5 Nc5 36. Rb1 Qa5 37. Rb4 Bb3 38. Qb2 Ba4 39. Be3 f5 40. exf5 e4 41. f4 Nd3 42. Qa1 Nxb4 43. axb4 Qa8 44. Ra3 Qb7 45. Rxa4 Ra8 46. Ra6 Rec8 47. Nb6 Rxa6 48. bxa6 Qa7 49. Kf2 Rc6 50. Qa5 Kh8 51. Qb5 1-0

[Event "NRW-ch op Seniors 14th"]
[Site "Beverungen"]
[Date "2003.06.17"]
[Round "4.12"]
[White "Rusanov, Vasily"]
[Black "Schuller, Erhard"]
[Result "1-0"]
[WhiteElo "1786"]
[BlackElo "1596"]
[PlyCount "105"]
[EventDate "2003.06.14"]
[EventType "swiss"]
[EventRounds "9"]
[EventCountry "GER"]
[SourceTitle "EXT 2004"]
[Source "ChessBase"]
[SourceDate "2003.11.25"]
[SourceVersion "1"]
[SourceVersionDate "2003.11.25"]
[SourceQuality "1"]

1. Nf3 d5 2. c4 Nf6 3. b3 dxc4 4. bxc4 e6 5. Bb2 Nbd7 6. g3 b6 7. Bg2 Bb7 8. 0-0 Rb8 9. e3 Bd6 10. d4 0-0 11. Nbd2 c5 12. Nb3 Qe7 13. Re1 Rfd8 14. Qe2 cxd4 15. exd4 Re8 16. Rac1 Ba3 17. Bxa3 Qxa3 18. Ne5 Bxg2 19. Nxd7 Nxd7 20. Kxg2 Qf8 21. f4 g6 22. Nd2 Rbc8 23. Nf3 Red8 24. g4 Qd6 25. Qe3 Nf6 26. h3 Kg7 27. Red1 h6 28. Ne5 Nd7 29. h4 Nxe5 30. fxe5 Qe7 31. Kg3 Rd7 32. Rf1 Rf8 33. Rf3 Qd8 34. Rf4 f6 35. exf6+ Rxf6 36. Qe5 g5 37. hxg5 hxg5 38. Qxg5+ Rg6 39. Qe5+ Kg8 40. Rh1 Rdg7 41. Rhf1 Qe7 42. Qb8+ Kh7 43. Rh1+ Rh6 44. Rxh6+ Kxh6 45. Qh8+ Rh7 46. Qf6+ Qxf6 47. Rxf6+ Kg5 48. Rxe6 Rc7 49. Re5+ Kg6 50. c5 bxc5 51. dxc5 a5 52. Rf5 a4 53. Kf4 1-0